| 000 | 00379nam a2200133Ia 4500 | ||
|---|---|---|---|
| 003 | GCL | ||
| 008 | 140319s9999 xx 000 0 ara d | ||
| 040 |
_aGCL / _cGCL |
||
| 082 | 0 | 4 |
_a332.02 _bا ا |
| 245 | 1 | 0 | _aالاقتصاد المالى بين النظرية و التطبيق |
| 260 |
_a[S.N] : _bمؤسسة شباب الجامعة ، _c1989 |
||
| 300 | _a432 ص | ||
| 490 | _a | ||
| 999 |
_c28825 _d28825 |
||